000 00243nam a2200097Ia 4500
005 20251222114413.0
008 251222s1900||||xx |||||||||||||| ||spa||
082 _aDVD0060 /C523D/2002
245 4 _aThe great dictador:El Gran Dictador
942 _cDVD
999 _c2131
_d2131